| 000 | 01337nam a22002177a 4500 | ||
|---|---|---|---|
| 999 |
_c62379 _d62379 |
||
| 003 | Ge_BSU | ||
| 005 | 20241018131803.0 | ||
| 008 | 241018s1985 ge ||||| |||| 00| 0 geo d | ||
| 041 | _ageo | ||
| 080 | _a615.851:616-006 გ-82 | ||
| 100 |
_aგრიგოლავა, ა. _923438 |
||
| 245 |
_aფსიქოლოგიური ფაქტორების მნიშვნელობა ზოგიერთი ონკოლოგიური დაავადების შემთხვევაში : _bშრომათა კრებული / _cა. გრიგოლავა, რ. ფხაკაძე, ნ. ხოშტარია ; დ. უზნაძის სახ. ფსიქოლოგიის ინ-ტი. |
||
| 264 |
_aთბ. : _bმეცნიერება, _c1985. |
||
| 300 |
_a122 გვ. : _bილ. ; _c21 სმ. |
||
| 520 | _aსტატიების ბოლოს რეზ. რუს. | ||
| 653 | _aონკოლოგიური დაავადებები | ||
| 653 | _aფსიქოლოგიური ფაქტორების მნიშვნელობა. | ||
| 700 |
_aფხაკაძე, რ. _eავტორი _923439 |
||
| 700 |
_aხოშტარია, ნ. _eავტორი _917833 |
||
| 942 |
_2udc _cᲬᲘᲒᲜᲘ |
||